[Event "X Torneo Leonardo di Bona A"]
[Site "Cutro ITA"]
[Date "2004.04.30"]
[Round "8"]
[White "Lazic, Miroljub"]
[Black "Miladinovic, Igor"]
[Result "0-1"]
[WhiteElo "2481"]
[BlackElo "2614"]
[PlyCount "42"]
[EventDate "2004.04.23"]

1. d4 d5 2. c4 Nc6 3. Nf3 Bg4 4. cxd5 Bxf3 5. gxf3 Qxd5 6. e3 e5 7. Nc3 Bb4 8.
Bd2 Bxc3 9. bxc3 Qd6 10. Rb1 O-O-O 11. Qb3 b6 12. Bh3+ Kb8 13. Qxf7 Nh6 14. Qe6
Qxe6 15. Bxe6 exd4 16. cxd4 Nxd4 17. exd4 Rhe8 18. Bxh6 gxh6 19. Rb3 Rxe6+ 20.
Re3 Rc6 21. O-O Rxd4 0-1

[Event "X Torneo Leonardo di Bona A"]
[Site "Cutro ITA"]
[Date "2004.04.30"]
[Round "8"]
[White "Naalden, Marc"]
[Black "Armentano, Alessio"]
[Result "1-0"]
[WhiteElo "2068"]
[BlackElo "1991"]
[PlyCount "59"]
[EventDate "2004.04.23"]

1. d4 f5 2. Nc3 d5 3. e4 dxe4 4. f3 e3 5. Bxe3 Nf6 6. Bc4 e6 7. Nge2 Nd5 8. Qd2
Be7 9. O-O-O O-O 10. h4 c6 11. g4 fxg4 12. fxg4 b5 13. Bd3 a5 14. Ne4 Na6 15.
Ng5 h6 16. Nh7 Rf3 17. Bxh6 gxh6 18. Qxh6 Rf7 19. Ng5 Rg7 20. Bh7+ Kf8 21. Bg6
Bf6 22. Nh7+ Kg8 23. g5 Be7 24. Rdf1 Bd7 25. Rf7 Rxf7 26. Bxf7+ Kxf7 27. Rf1+
Bf6 28. gxf6 Nxf6 29. Ng5+ Ke7 30. Qxf6+ 1-0

[Event "X Torneo Leonardo di Bona A"]
[Site "Cutro ITA"]
[Date "2004.04.30"]
[Round "8"]
[White "Predojevic, Borki"]
[Black "Ernst, Thomas"]
[Result "1-0"]
[WhiteElo "2490"]
[BlackElo "2464"]
[PlyCount "67"]
[EventDate "2004.04.23"]

1. e4 e5 2. Nf3 Nc6 3. d4 exd4 4. Nxd4 Nf6 5. Nxc6 bxc6 6. e5 Qe7 7. Qe2 Nd5 8.
c4 Ba6 9. b3 g6 10. f4 Qb4+ 11. Bd2 Qb6 12. Qe4 f5 13. Qf3 Nb4 14. Kd1 Bb7 15.
Nc3 c5 16. Nd5 Nxd5 17. cxd5 Bg7 18. Kc2 O-O 19. Bc4 a5 20. a4 Ba6 21. Rab1
Rfe8 22. Rhe1 d6 23. Bc3 Rab8 24. Qd3 Bb7 25. Re3 Bh6 26. g3 dxe5 27. Rxe5 Bg7
28. Qe3 Rxe5 29. fxe5 Ba6 30. Qd3 Bxc4 31. Qxc4 Kf8 32. g4 fxg4 33. d6 cxd6 34.
Rf1+ 1-0

[Event "X Torneo Leonardo di Bona A"]
[Site "Cutro ITA"]
[Date "2004.04.30"]
[Round "8"]
[White "Ristic, Nenad"]
[Black "Roeder, Matthias"]
[Result "1-0"]
[WhiteElo "2447"]
[BlackElo "2457"]
[PlyCount "43"]
[EventDate "2004.04.23"]

1. e4 c5 2. Nf3 d6 3. Bb5+ Bd7 4. Bxd7+ Qxd7 5. O-O Nc6 6. c3 Nf6 7. d4 Nxe4 8.
d5 Ne5 9. Re1 Nxf3+ 10. Qxf3 Nf6 11. Na3 O-O-O 12. Bg5 h6 13. Bxf6 gxf6 14. b4
Qa4 15. Nc4 cxb4 16. Reb1 Kb8 17. Rxb4 Qa6 18. Rab1 Rd7 19. Qd1 Rc7 20. Ra4
Qxc4 21. Rxc4 Rxc4 22. Rxb7+ 1-0

[Event "X Torneo Leonardo di Bona A"]
[Site "Cutro ITA"]
[Date "2004.04.30"]
[Round "8"]
[White "Van Hoolandt, Patrick"]
[Black "Contin, Daniel"]
[Result "0-1"]
[WhiteElo "2237"]
[BlackElo "2401"]
[PlyCount "78"]
[EventDate "2004.04.23"]

1. c4 e5 2. g3 Nc6 3. Bg2 f5 4. Nc3 Nf6 5. e3 g6 6. Rb1 Bg7 7. d3 O-O 8. Nge2
Ne7 9. f4 d6 10. O-O c6 11. b3 Rb8 12. Qd2 b5 13. Bb2 Be6 14. c5 exf4 15. Nxf4
Bf7 16. cxd6 Qxd6 17. d4 Rfd8 18. Nd3 c5 19. Ne2 c4 20. Ndc1 Bd5 21. Nf4 Ne4
22. Qe1 Rdc8 23. Nce2 cxb3 24. axb3 Bxb3 25. Qa5 b4 26. Bxe4 fxe4 27. Rfc1 Bc4
28. Re1 Rc6 29. Bc1 Rb5 30. Qa4 g5 31. Ng2 Nd5 32. Bd2 Bf8 33. Ra1 a6 34. Rab1
Qd7 35. Nc1 Qe6 36. Qd1 a5 37. Qh5 Nf6 38. Qd1 b3 39. Bc3 Nd5 0-1

[Event "X Torneo Leonardo di Bona A"]
[Site "Cutro ITA"]
[Date "2004.04.30"]
[Round "8"]
[White "Zelcic, Robert"]
[Black "Kotronias, Vasilios"]
[Result "1/2-1/2"]
[WhiteElo "2509"]
[BlackElo "2607"]
[PlyCount "50"]
[EventDate "2004.04.23"]

1. e4 d5 2. exd5 Qxd5 3. Nc3 Qd6 4. d4 Nf6 5. Nf3 c6 6. h3 Nbd7 7. Bd3 g6 8.
O-O Bg7 9. Bg5 O-O 10. Qd2 e5 11. dxe5 Nxe5 12. Nxe5 Qxe5 13. Rfe1 Qd4 14. Be3
Qd6 15. Bh6 Be6 16. Bxg7 Kxg7 17. Ne2 Bf5 18. Qc3 Bxd3 19. Rad1 Rfe8 20. Rxd3
Qc7 21. Rdd1 Rad8 22. Nd4 Kg8 23. Nf5 Rxd1 24. Rxd1 Qe5 25. Qxe5 Rxe5 1/2-1/2

[Event "X Torneo Leonardo di Bona A"]
[Site "Cutro ITA"]
[Date "2004.05.01"]
[Round "9"]
[White "Antoniacci, Riccardo"]
[Black "Van Hoolandt, Patrick"]
[Result "0-1"]
[WhiteElo "2048"]
[BlackElo "2237"]
[PlyCount "26"]
[EventDate "2004.04.23"]

1. e4 e5 2. Bc4 Nf6 3. d4 exd4 4. Nf3 Nc6 5. e5 d5 6. exf6 dxc4 7. Qe2+ Be6 8.
Bg5 gxf6 9. Bh4 Be7 10. Nbd2 Qd5 11. Ne4 O-O-O 12. Nxf6 Qa5+ 13. Qd2 Bb4 0-1

[Event "X Torneo Leonardo di Bona A"]
[Site "Cutro ITA"]
[Date "2004.05.01"]
[Round "9"]
[White "Bentivegna, Francesco"]
[Black "Lazic, Miroljub"]
[Result "0-1"]
[WhiteElo "2258"]
[BlackElo "2481"]
[PlyCount "74"]
[EventDate "2004.04.23"]

1. e4 Nc6 2. d4 e5 3. Nf3 exd4 4. Bc4 Bc5 5. c3 Nf6 6. O-O dxc3 7. e5 d5 8.
exf6 dxc4 9. Qxd8+ Nxd8 10. fxg7 Rg8 11. Nxc3 Rxg7 12. Nd5 Ne6 13. Re1 Bd6 14.
Nd4 Bd7 15. Nf5 Rg6 16. Nxd6+ cxd6 17. Nc7+ Kd8 18. Nxa8 Bc6 19. Be3 Rxg2+ 20.
Kf1 Bf3 21. Rec1 Rxh2 22. Ke1 b5 23. Kd2 Bxa8 24. a4 d5 25. Kc3 bxa4 26. Rxa4
Bb7 27. Rxa7 Kc8 28. Rg1 Rh3 29. Rg3 Rxg3 30. fxg3 Kc7 31. Ra1 Kd6 32. Bd4 Nc7
33. Kb4 Bc8 34. Re1 Kc6 35. Kc3 Nb5+ 36. Kb4 Nxd4 37. Re7 Be6 0-1

[Event "X Torneo Leonardo di Bona A"]
[Site "Cutro ITA"]
[Date "2004.05.01"]
[Round "9"]
[White "Blagojevic, Dragisa"]
[Black "Ristic, Nenad"]
[Result "1-0"]
[WhiteElo "2514"]
[BlackElo "2447"]
[PlyCount "119"]
[EventDate "2004.04.23"]

1. d4 Nf6 2. Nf3 g6 3. c4 Bg7 4. g3 O-O 5. Bg2 d5 6. cxd5 Nxd5 7. O-O Nb6 8.
Nc3 Nc6 9. e3 e5 10. d5 e4 11. dxc6 Qxd1 12. Rxd1 exf3 13. Bxf3 bxc6 14. Bxc6
Rb8 15. Nb5 Nc4 16. Nd4 Nxb2 17. Rb1 Nxd1 18. Rxb8 Ba6 19. Rxf8+ Kxf8 20. Ba3+
Kg8 21. Bc5 Bc4 22. Bxa7 Bxa2 23. Nb5 Nc3 24. Nxc7 Be5 25. Bb6 h5 26. h4 Bc4
27. Ba5 Kf8 28. Bb4+ Kg8 29. Ba5 Kf8 30. f4 Bg7 31. Ne8 Bh8 32. Nd6 Be6 33. Kf2
Bg7 34. Ne8 Bh8 35. Nc7 Bc4 36. Bb4+ Kg8 37. Bc5 Bg7 38. Ne8 Bh8 39. Nc7 Bg7
40. Ne8 Bh8 41. Nc7 Bg7 42. Bd4 Kf8 43. Bc5+ Kg8 44. e4 Bf8 45. Bd4 Bb4 46. Ne8
Nb5 47. Nf6+ Kf8 48. Be5 Bc5+ 49. Kg2 Be7 50. Nd7+ Kg8 51. Nb6 Bd3 52. Bd5 Nd6
53. Kf3 Bb5 54. Bd4 Bf8 55. Bc3 Be7 56. Ba8 Bf8 57. Nd5 Bg7 58. Ne7+ Kh7 59.
Bb4 Ne8 60. Bd5 1-0

[Event "X Torneo Leonardo di Bona A"]
[Site "Cutro ITA"]
[Date "2004.05.01"]
[Round "9"]
[White "Blasco, Domenico"]
[Black "Cetkovic, Sergio"]
[Result "0-1"]
[WhiteElo "2032"]
[BlackElo "2122"]
[PlyCount "124"]
[EventDate "2004.04.23"]

1. c4 Nf6 2. Nc3 e6 3. e4 d5 4. exd5 exd5 5. cxd5 Nxd5 6. Nxd5 Qxd5 7. Qf3 Be6
8. Bd3 Qxf3 9. Nxf3 Nc6 10. Bb5 O-O-O 11. Bxc6 bxc6 12. O-O Be7 13. d4 Bc4 14.
Rd1 Be2 15. Re1 Bxf3 16. Rxe7 Bd5 17. Bf4 Rd7 18. Rxd7 Kxd7 19. Re1 Rb8 20. b3
Rb6 21. h3 a5 22. Re2 a4 23. bxa4 Ra6 24. Rb2 Rxa4 25. Be3 Bxa2 26. Kh2 Bd5 27.
Rb8 h5 28. Rh8 g6 29. g4 hxg4 30. hxg4 c5 31. dxc5 Rxg4 32. Kh3 Be6 33. Kh2 Kc6
34. Rd8 Bd5 35. Kh3 Rc4 36. Kg3 f5 37. Rf8 Rg4+ 38. Kh3 Bg2+ 39. Kh2 Bf3 40.
Kh3 Kb5 41. Rf7 c6 42. Rf6 Kc4 43. Rf8 Kd3 44. Rd8+ Bd5 45. Rd7 Ke2 46. Rb7 Rg1
47. Kh2 Rg2+ 48. Kh3 g5 49. Bd4 g4+ 50. Kh4 f4 51. Kg5 Kd3 52. Be5 f3 53. Rb2
Ke4 54. Bg3 Kd4 55. Kxg4 Kxc5 56. Rb1 Kd4 57. Kf4 Kd3 58. Rd1+ Ke2 59. Rc1 Kd2
60. Ra1 Kc2 61. Ke3 Kc3 62. Rc1+ Kb2 0-1

[Event "X Torneo Leonardo di Bona A"]
[Site "Cutro ITA"]
[Date "2004.05.01"]
[Round "9"]
[White "Contin, Daniel"]
[Black "Naalden, Marc"]
[Result "1/2-1/2"]
[WhiteElo "2401"]
[BlackElo "2068"]
[PlyCount "72"]
[EventDate "2004.04.23"]

1. c4 f5 2. g3 Nf6 3. Bg2 g6 4. Nc3 Bg7 5. d3 O-O 6. e4 d6 7. Nge2 Nc6 8. O-O
e5 9. h3 f4 10. gxf4 Nh5 11. f5 gxf5 12. Ng3 Nf4 13. Bxf4 exf4 14. Nxf5 Bxf5
15. exf5 Rxf5 16. Qg4 Nd4 17. Bd5+ Kh8 18. Kh1 h5 19. Qg2 f3 20. Qg6 Rg5 21.
Qf7 Qc8 22. Qf4 Qxh3+ 23. Qh2 Qxh2+ 24. Kxh2 Be5+ 25. Kh3 Rg2 26. Rh1 Rxf2 27.
Rag1 Ne2 28. Nxe2 fxe2 29. Rg5 Rf1 30. Rxh5+ Kg7 31. Kg2 e1=Q 32. Rh7+ Kg6 33.
R7h6+ Kg5 34. R6h5+ Kg6 35. Rh6+ Kg7 36. Rh7+ Kg6 1/2-1/2

[Event "X Torneo Leonardo di Bona A"]
[Site "Cutro ITA"]
[Date "2004.05.01"]
[Round "9"]
[White "Cordi', Domenico"]
[Black "Napoli, Nicolo'"]
[Result "1-0"]
[WhiteElo "2059"]
[BlackElo "2127"]
[PlyCount "89"]
[EventDate "2004.04.23"]

1. e4 g6 2. d4 Bg7 3. c4 d6 4. Nc3 Nc6 5. Nf3 Bg4 6. Be3 e5 7. dxe5 Nxe5 8. Be2
Bxf3 9. gxf3 a6 10. f4 Nd7 11. Qd2 Ngf6 12. O-O-O Rb8 13. Ba7 O-O 14. Bxb8 Qxb8
15. h4 Re8 16. h5 b5 17. hxg6 hxg6 18. cxb5 axb5 19. e5 b4 20. Nd5 Nxd5 21.
Qxd5 Nb6 22. Qb3 Qc8 23. Rhg1 Qf5 24. Bd3 Qxf4+ 25. Kb1 d5 26. Rge1 Rxe5 27.
Rxe5 Bxe5 28. Qc2 Kg7 29. Bb5 Bd4 30. Qd2 Qf5+ 31. Bd3 Qxf2 32. Qxb4 Na4 33.
Bc2 c5 34. Qxa4 g5 35. Qd7 Qf6 36. Qxd5 Bxb2 37. Rg1 Be5 38. Qxc5 Qf4 39. Re1
Bf6 40. Rh1 Qb8+ 41. Bb3 Qf4 42. Qc2 Kf8 43. Qc8+ Ke7 44. Qb7+ Kd6 45. Rd1+ 1-0

[Event "X Torneo Leonardo di Bona A"]
[Site "Cutro ITA"]
[Date "2004.05.01"]
[Round "9"]
[White "Del Rio Angelis, Salvador Gabriel"]
[Black "Drasko, Milan"]
[Result "0-1"]
[WhiteElo "2506"]
[BlackElo "2464"]
[PlyCount "118"]
[EventDate "2004.04.23"]

1. e4 e6 2. d4 d5 3. Nc3 Bb4 4. e5 Ne7 5. a3 Bxc3+ 6. bxc3 c5 7. h4 Qc7 8. Nf3
h6 9. h5 b6 10. Bb5+ Bd7 11. Bd3 Nbc6 12. O-O O-O 13. Bf4 f5 14. exf6 Qxf4 15.
fxe7 Rf7 16. Re1 cxd4 17. cxd4 Nxd4 18. Re3 Nc6 19. e8=B Bxe8 20. Rxe6 Rf6 21.
Rxf6 Qxf6 22. Bb5 Bxh5 23. Qxd5+ Bf7 24. Qd1 Rd8 25. Qf1 Bh5 26. Nh2 Nd4 27.
Bd3 Be2 28. Bxe2 Nxe2+ 29. Kh1 Rd2 30. c4 Qd4 31. Nf3 Qxc4 32. Rd1 Rd5 33. g3
Rh5+ 34. Nh2 Qe4+ 35. Qg2 Nc3 36. f3 Qe2 37. Qxe2 Nxe2 38. Kg2 Rc5 39. Rd8+ Kh7
40. Rd7 Ra5 41. Rd3 Rg5 42. Rd7 Nxg3 43. Rxa7 Ne4+ 44. Kf1 Nd2+ 45. Kf2 Ra5 46.
Rc7 Rxa3 47. Rc2 Nb3 48. Rb2 b5 49. Ke3 b4 50. Rb1 Na5+ 51. Kd4 Nc6+ 52. Kd5
Rc3 53. Ng4 h5 54. Nf2 Ne7+ 55. Ke4 Rc4+ 56. Ke5 Ng6+ 57. Kd5 Rf4 58. Nh3 Rf5+
59. Ke6 Rf6+ 0-1

[Event "X Torneo Leonardo di Bona A"]
[Site "Cutro ITA"]
[Date "2004.05.01"]
[Round "9"]
[White "Djuric, Stefan"]
[Black "Janev, Evgeni"]
[Result "0-1"]
[WhiteElo "2518"]
[BlackElo "2405"]
[PlyCount "70"]
[EventDate "2004.04.23"]

1. e4 Nf6 2. Nc3 e5 3. Nf3 d6 4. d4 Nbd7 5. g3 g6 6. Bg2 Bg7 7. O-O O-O 8. Re1
c6 9. b3 exd4 10. Nxd4 Nc5 11. Bb2 Qb6 12. Qd2 a5 13. a3 Re8 14. h3 Bxh3 15.
Bxh3 Nfxe4 16. Nxe4 Nxe4 17. Qd3 Ng5 18. Bd7 Rxe1+ 19. Rxe1 Bxd4 20. Bxd4 Qxd4
21. Qe2 d5 22. c4 dxc4 23. Rd1 Qe4 24. Qxc4 Nf3+ 25. Kg2 Qxc4 26. bxc4 Ne5 27.
Bh3 Nxc4 28. Rd7 b5 29. Rc7 Nxa3 30. Bd7 b4 31. Bxc6 Rb8 32. Bd5 b3 33. Bxf7+
Kh8 34. Ra7 b2 35. Ba2 Nb5 0-1

[Event "X Torneo Leonardo di Bona A"]
[Site "Cutro ITA"]
[Date "2004.05.01"]
[Round "9"]
[White "Ernst, Thomas"]
[Black "Brancaleoni, Maurizio"]
[Result "1/2-1/2"]
[WhiteElo "2464"]
[BlackElo "2296"]
[PlyCount "194"]
[EventDate "2004.04.23"]

1. e4 c6 2. d4 d5 3. Nc3 dxe4 4. Nxe4 Bf5 5. Ng3 Bg6 6. h4 h6 7. Nf3 e6 8. Ne5
Bh7 9. Bd3 Bxd3 10. Qxd3 Nf6 11. Bd2 Be7 12. O-O-O Nbd7 13. f4 c5 14. Qb5 Qb6
15. Qa4 Qc7 16. dxc5 O-O 17. Nxd7 Nxd7 18. Ba5 Nxc5 19. Bxc7 Nxa4 20. Bd6 Bxd6
21. Rxd6 Rfd8 22. Rhd1 Rxd6 23. Rxd6 Kf8 24. Ne4 Ke7 25. Rd4 b5 26. b3 Nb6 27.
Nc3 a6 28. a4 bxa4 29. Nxa4 Nd5 30. Kd2 f5 31. c4 Nf6 32. Nc5 a5 33. Kc3 Ra7
34. Kb2 Rc7 35. Nd3 Ne4 36. Ne5 g5 37. hxg5 hxg5 38. fxg5 Nxg5 39. g4 fxg4 40.
Rxg4 Kf6 41. Nd3 Nf7 42. Rf4+ Kg5 43. Rf1 a4 44. bxa4 Rxc4 45. Rxf7 Rxa4 46.
Kc3 Re4 47. Nc5 Re5 48. Kc4 Re1 49. Kd4 Rd1+ 50. Nd3 Ra1 51. Ke5 Ra5+ 52. Kxe6
Ra6+ 53. Kd5 Ra5+ 54. Ke4 Ra4+ 55. Ke3 Ra3 56. Rf1 Kg6 57. Ke4 Ra4+ 58. Kd5
Ra5+ 59. Nc5 Kg5 60. Kd4 Ra8 61. Ne6+ Kg4 62. Ke4 Ra4+ 63. Nd4 Kg5 64. Rf8 Kg6
65. Ke5 Ra5+ 66. Kd6 Ra6+ 67. Nc6 Kg5 68. Kd5 Ra1 69. Rf2 Rd1+ 70. Nd4 Ra1 71.
Ne6+ Kg4 72. Ke5 Re1+ 73. Kf6 Ra1 74. Nd4 Ra5 75. Nf5 Ra1 76. Ke5 Re1+ 77. Kd4
Ra1 78. Ke4 Kg5 79. Nd4 Re1+ 80. Ne2 Ra1 81. Nd4 Re1+ 82. Kd5 Ra1 83. Ke5 Re1+
84. Ne2 Ra1 85. Rg2+ Kh4 86. Nd4 Re1+ 87. Kf4 Rf1+ 88. Nf3+ Kh5 89. Rg3 Ra1 90.
Kf5 Ra5+ 91. Ne5 Kh6 92. Rg6+ Kh7 93. Rg4 Ra2 94. Nd7 Rf2+ 95. Ke6 Kh6 96. Nf6
Ra2 97. Ng8+ Kh5 1/2-1/2

[Event "X Torneo Leonardo di Bona A"]
[Site "Cutro ITA"]
[Date "2004.05.01"]
[Round "9"]
[White "Garcia Palermo, Carlos Horacio"]
[Black "Predojevic, Borki"]
[Result "1-0"]
[WhiteElo "2444"]
[BlackElo "2490"]
[PlyCount "65"]
[EventDate "2004.04.23"]

1. d4 Nf6 2. Bg5 e6 3. e3 h6 4. Bh4 Be7 5. Nd2 d6 6. Bd3 Nbd7 7. c3 b6 8. Ne2
Bb7 9. f3 c5 10. O-O O-O 11. Bf2 d5 12. Ng3 e5 13. Nf5 Re8 14. Nxe7+ Qxe7 15.
Qa4 Qd6 16. Rad1 a6 17. Bf5 Qc6 18. Qa3 g6 19. Bxd7 Nxd7 20. e4 exd4 21. cxd4
Qb5 22. Qe3 dxe4 23. Nxe4 Bxe4 24. fxe4 Nf6 25. e5 cxd4 26. Qf3 Nh7 27. e6 f5
28. Qf4 Rxe6 29. Qxh6 Qd7 30. Bxd4 Rd6 31. Bc3 Rxd1 32. Qxg6+ Kf8 33. Bb4+ 1-0

[Event "X Torneo Leonardo di Bona A"]
[Site "Cutro ITA"]
[Date "2004.05.01"]
[Round "9"]
[White "Kotronias, Vasilios"]
[Black "Epishin, Vladimir V."]
[Result "1/2-1/2"]
[WhiteElo "2607"]
[BlackElo "2610"]
[PlyCount "89"]
[EventDate "2004.04.23"]

1. e4 c5 2. Nf3 e6 3. d4 cxd4 4. Nxd4 a6 5. Bd3 Bc5 6. Nb3 Be7 7. Qg4 g6 8. Qe2
d6 9. a4 Nd7 10. a5 Ne5 11. Nc3 Nf6 12. Be3 O-O 13. O-O Nxd3 14. cxd3 e5 15.
Bb6 Qe8 16. d4 Be6 17. dxe5 Bxb3 18. exf6 Bxf6 19. Qd2 Qe6 20. f4 Rfe8 21. Rf3
Rac8 22. Re1 Bg7 23. Rd3 Rc6 24. Bd4 Qc4 25. Bxg7 Kxg7 26. Rd5 Qb4 27. Qd4+
Qxd4+ 28. Rxd4 Be6 29. Rb4 Re7 30. Rd1 Rd7 31. Rb6 Kf6 32. h3 h5 33. Rd4 Rxb6
34. axb6 Rd8 35. Kf2 Ke7 36. Kf3 f5 37. Kg3 fxe4 38. Nxe4 d5 39. Nc5 Bc8 40.
Kh4 Rd6 41. Na4 Bd7 42. Nc3 Be6 43. Na4 Bd7 44. Nc3 Be6 45. Na4 1/2-1/2

[Event "X Torneo Leonardo di Bona A"]
[Site "Cutro ITA"]
[Date "2004.05.01"]
[Round "9"]
[White "Movsziszian, Karen"]
[Black "Mrdja, Milan"]
[Result "1-0"]
[WhiteElo "2511"]
[BlackElo "2405"]
[PlyCount "26"]
[EventDate "2004.04.23"]

1. d4 g6 2. e4 Bg7 3. Nc3 d6 4. Be3 Nd7 5. Qd2 a6 6. h4 h5 7. Nh3 c6 8. O-O-O
b5 9. f4 Ngf6 10. Bd3 Ng4 11. f5 Nxe3 12. Qxe3 Bh6 13. Ng5 13... Nf8 {...} 1-0

[Event "X Torneo Leonardo di Bona A"]
[Site "Cutro ITA"]
[Date "2004.05.01"]
[Round "9"]
[White "Roeder, Matthias"]
[Black "Kaps, Darja"]
[Result "1-0"]
[WhiteElo "2457"]
[BlackElo "2185"]
[PlyCount "101"]
[EventDate "2004.04.23"]

1. Nf3 Nf6 2. c4 e6 3. d4 Bb4+ 4. Bd2 Qe7 5. g3 O-O 6. Bg2 d5 7. O-O dxc4 8.
Bg5 h6 9. Bxf6 Qxf6 10. Qc2 Nc6 11. Qxc4 Rd8 12. Nc3 Ba5 13. Ne4 Qe7 14. Rfd1
Qb4 15. Qc2 Bb6 16. e3 a5 17. Nc5 a4 18. a3 Qa5 19. Rac1 Bxc5 20. Qxc5 Qxc5 21.
Rxc5 Ra5 22. Rdc1 Rd5 23. Rxa5 Rxa5 24. Ne5 Nxe5 25. Rxc7 Bd7 26. dxe5 Bc6 27.
Bxc6 bxc6 28. Rxc6 Rxe5 29. Rc8+ Kh7 30. Rc4 Rb5 31. Rb4 Ra5 32. Kf1 Kg6 33.
Ke2 e5 34. Kd3 f5 35. Kc3 e4 36. b3 axb3 37. Kxb3 Rd5 38. Rc4 Kg5 39. h3 Rb5+
40. Kc2 Kf6 41. a4 Ra5 42. Kb3 Rd5 43. Rc2 g5 44. Kb4 f4 45. a5 Rd1 46. Ra2 Ke5
47. a6 Rb1+ 48. Ka5 fxg3 49. fxg3 Rf1 50. a7 Rf8 51. Kb6 1-0

[Event "X Torneo Leonardo di Bona A"]
[Site "Cutro ITA"]
[Date "2004.05.01"]
[Round "9"]
[White "Scerbo, Antonio"]
[Black "Armentano, Alessio"]
[Result "1/2-1/2"]
[WhiteElo "2097"]
[BlackElo "1991"]
[PlyCount "26"]
[EventDate "2004.04.23"]

1. e4 e5 2. Nf3 Nc6 3. Bb5 a6 4. Bxc6 dxc6 5. d4 exd4 6. Qxd4 Qxd4 7. Nxd4 Bd7
8. Be3 O-O-O 9. Nd2 Nf6 10. f3 h6 11. Kf2 Bc5 12. N2b3 Bd6 13. Rad1 Rhe8
1/2-1/2

[Event "X Torneo Leonardo di Bona A"]
[Site "Cutro ITA"]
[Date "2004.05.01"]
[Round "9"]
[White "Tirard, Hugo"]
[Black "Palac, Mladen"]
[Result "0-1"]
[WhiteElo "2444"]
[BlackElo "2565"]
[PlyCount "48"]
[EventDate "2004.04.23"]

1. e4 c5 2. Nc3 e6 3. Nf3 a6 4. d4 cxd4 5. Nxd4 b5 6. Bd3 Bb7 7. O-O Ne7 8. Re1
Nbc6 9. Nb3 Ng6 10. Qh5 Be7 11. f4 O-O 12. Be3 Nb4 13. Rf1 Nxd3 14. cxd3 f5 15.
Nd2 d5 16. exd5 b4 17. Nd1 Qxd5 18. Qf3 Qb5 19. Qe2 e5 20. Nc4 exf4 21. Bxf4
Rae8 22. Qf2 Bc5 23. Nde3 Bd5 24. Nd6 Nxf4 0-1

[Event "X Torneo Leonardo di Bona A"]
[Site "Cutro ITA"]
[Date "2004.05.01"]
[Round "9"]
[White "Wohl, Aleksandar H."]
[Black "Abatino, Maurizio"]
[Result "1/2-1/2"]
[WhiteElo "2399"]
[BlackElo "2224"]
[PlyCount "22"]
[EventDate "2004.04.23"]

1. c4 Nf6 2. Nc3 e6 3. e4 d5 4. e5 d4 5. exf6 dxc3 6. bxc3 Qxf6 7. Nf3 e5 8.
Bd3 Na6 9. O-O Bd6 10. Bc2 Bg4 11. d4 Bxf3 1/2-1/2

[Event "C.to Regionale Sicilia"]
[Site "Monreale ITA"]
[Date "2004.05.30"]
[Round "2"]
[White "Mangione, Claudio"]
[Black "Mazzilli, Piero"]
[Result "0-1"]
[WhiteElo "2095"]
[BlackElo "2304"]
[PlyCount "82"]
[EventDate "2004.05.29"]

1. Nf3 Nf6 2. c4 g6 3. g3 Bg7 4. Bg2 O-O 5. O-O d6 6. Nc3 e5 7. d3 Nc6 8. Rb1
a5 9. a3 h6 10. b4 axb4 11. axb4 Be6 12. b5 Ne7 13. Bb2 Qd7 14. c5 Bh3 15. Bxh3
Qxh3 16. cxd6 cxd6 17. Ne4 Ng4 18. Nxd6 Rad8 19. Ne4 f5 20. Qb3+ Kh8 21. Ned2
e4 22. Bxg7+ Kxg7 23. Qc3+ Kh7 24. Qc7 Rde8 25. Ra1 exf3 26. Nxf3 f4 27. gxf4
Rf7 28. Ra7 Ref8 29. Qxb7 Nd5 30. Qxd5 Rxa7 31. b6 Re7 32. Rc1 Nf6 33. Qa5 Qg4+
34. Kf1 Qh3+ 35. Kg1 Qg4+ 36. Kf1 Qxf4 37. Rc5 Ng4 38. Rc7 Nxh2+ 39. Kg2 Rxc7
40. bxc7 Nxf3 41. Qa7 Qg4+ 0-1

[Event "C.to Regionale Sicilia"]
[Site "Monreale ITA"]
[Date "2004.06.05"]
[Round "4"]
[White "Bentivegna, Francesco"]
[Black "Mazzilli, Piero"]
[Result "1-0"]
[WhiteElo "2258"]
[BlackElo "2304"]
[PlyCount "63"]
[EventDate "2004.05.29"]

1. d4 f5 2. Bg5 Nf6 3. Bxf6 exf6 4. e3 d5 5. Bd3 c6 6. Nd2 b5 7. Qf3 g6 8. h4
h5 9. Ne2 Bd6 10. Nf4 Kf7 11. Nxd5 Bb7 12. Nf4 Qd7 13. c4 c5 14. d5 Bxf4 15.
Qxf4 bxc4 16. Bxc4 Bxd5 17. O-O-O Bxc4 18. Nxc4 Qe7 19. Qd6 Qxd6 20. Rxd6 Rc8
21. Rhd1 Kg7 22. Na5 c4 23. Kc2 Rc5 24. Nb7 Rc6 25. Rd8 a5 26. R1d5 a4 27. Nc5
Kf7 28. Kc3 a3 29. bxa3 Rb6 30. a4 Ra7 31. Rh8 Nc6 32. Rh7+ {...} 1-0

[Event "C.to Regionale Sicilia"]
[Site "Monreale ITA"]
[Date "2004.06.05"]
[Round "5"]
[White "Bentivegna, Francesco"]
[Black "Livecchi, Dario"]
[Result "1-0"]
[WhiteElo "2258"]
[BlackElo "2176"]
[PlyCount "41"]
[EventDate "2004.05.29"]

1. e4 c5 2. c3 d6 3. d4 Nf6 4. Bd3 g6 5. dxc5 dxc5 6. e5 Nd5 7. Be4 e6 8. Nf3
Bg7 9. c4 Nb6 10. Qe2 Qc7 11. Nc3 a6 12. O-O Nc6 13. Bxc6+ Qxc6 14. Ne4 Nd7 15.
Bg5 O-O 16. Nf6+ Kh8 17. Qe3 Qc7 18. Rad1 b5 19. Qe4 Bb7 20. Rxd7 Qxd7 21. Qh4
1-0

[Event "I Festival A"]
[Site "Positano ITA"]
[Date "2004.05.??"]
[Round "5"]
[White "Collutiis, Duilio"]
[Black "Piscopo, Pierluigi"]
[Result "1/2-1/2"]
[WhiteElo "2420"]
[BlackElo "2348"]
[PlyCount "49"]
[EventDate "2004.05.23"]

1. e4 d6 2. d4 Nf6 3. Nc3 e5 4. Nf3 Nbd7 5. g4 Nxg4 6. Rg1 Ngf6 7. Bc4 h6 8.
Be3 c6 9. Qd3 Qc7 10. O-O-O b5 11. Bxb5 cxb5 12. dxe5 dxe5 13. Nxb5 Qa5 14. Qc4
Rb8 15. Rxg7 Bxg7 16. Nd6+ Kd8 17. Nxe5 Nxe5 18. Nb7+ Ke8 19. Qa4+ Qxa4 20.
Rd8+ Ke7 21. Bc5+ Ke6 22. Rd6+ Ke7 23. Rd8+ Ke6 24. Rd6+ Ke7 25. Rd8+ 1/2-1/2

[Event "XXXVI C.to Italiano a squadre A1 Finali"]
[Site "Penne ITA"]
[Date "2004.05.15"]
[Round "1"]
[White "Borgo, Giulio"]
[Black "Chilese, Carlo"]
[Result "1-0"]
[WhiteElo "2414"]
[BlackElo "2062"]
[PlyCount "70"]
[EventDate "2004.05.15"]

1. Nf3 Nf6 2. d4 d5 3. c4 e6 4. g3 c5 5. cxd5 exd5 6. Bg2 Nc6 7. O-O Be7 8. Nc3
O-O 9. Bg5 cxd4 10. Nxd4 h6 11. Be3 Re8 12. Rc1 Bf8 13. Nxc6 bxc6 14. Bd4 Bg4
15. Qa4 Qd7 16. Rfd1 Qe6 17. Bxf6 gxf6 18. Rd4 f5 19. e3 Bg7 20. Rd2 d4 21.
exd4 Rac8 22. h3 Bh5 23. Kh2 f4 24. g4 Bg6 25. Bf3 Qd6 26. Qc4 Kh8 27. Rcd1 h5
28. gxh5 Bh7 29. Qd3 Rc7 30. Kg2 Rg8 31. Bg4 f3+ 32. Kh1 Re7 33. Qxf3 Rf8 34.
Qg3 Qf6 35. f3 Bh6 1-0

[Event "XXXVI C.to Italiano a squadre A1 Finali"]
[Site "Penne ITA"]
[Date "2004.05.15"]
[Round "1"]
[White "Bruno, Fabio"]
[Black "Ferro, Mario"]
[Result "1/2-1/2"]
[WhiteElo "2331"]
[BlackElo "2212"]
[PlyCount "74"]
[EventDate "2004.05.15"]

1. d4 Nf6 2. Nf3 e6 3. Bf4 c5 4. e3 Qb6 5. Qc1 d5 6. Nbd2 Nc6 7. c3 Nh5 8. Be5
cxd4 9. exd4 f6 10. Bg3 e5 11. Be2 e4 12. Ng1 Nxg3 13. hxg3 Be6 14. Nf1 Rc8 15.
Bh5+ Kd7 16. Qd2 g6 17. Bxg6 Nb4 18. Ne3 Nd3+ 19. Kf1 Ba3 20. Bf5 Qxb2 21. Qxb2
Bxb2 22. Rb1 Bxf5 23. Nxf5 Rxc3 24. Ne2 Rc2 25. Ne3 Rc6 26. Rh5 Rd8 27. Nd1 Rb6
28. Rxd5+ Ke8 29. Rxd8+ Kxd8 30. Nxb2 Rxb2 31. Rxb2 Nxb2 32. Nc3 f5 33. Nb5 Kd7
34. Nxa7 Nd3 35. Nb5 Kc6 36. Nc3 Nb4 37. Ke2 Nc2 1/2-1/2

[Event "XXXVI C.to Italiano a squadre A1 Finali"]
[Site "Penne ITA"]
[Date "2004.05.15"]
[Round "1"]
[White "Efimov, Igor"]
[Black "Kotronias, Vasilios"]
[Result "0-1"]
[WhiteElo "2496"]
[BlackElo "2607"]
[PlyCount "64"]
[EventDate "2004.05.15"]

1. d4 Nf6 2. c4 g6 3. Nc3 Bg7 4. Bg5 h6 5. Bh4 c5 6. e3 cxd4 7. exd4 O-O 8. Nf3
d5 9. Be2 Be6 10. c5 Nc6 11. O-O Ne4 12. Bb5 Bg4 13. h3 Bxf3 14. gxf3 Ng5 15.
Bxg5 hxg5 16. Bxc6 bxc6 17. Re1 Qd7 18. Kg2 Rab8 19. Qd2 Bf6 20. Nd1 a5 21. a3
Kg7 22. Ne3 Rb3 23. Rac1 Rh8 24. Rh1 Qb7 25. Rc2 Qb5 26. Rd1 Rb8 27. Ng4 Rxb2
28. Rxb2 Qxb2 29. Qxa5 Rb3 30. Qa4 Rxa3 31. Rb1 Qc3 32. Qd1 Qxd4 0-1